Normal view
MARC view
- Jawadullah
Entry Personal Name
001 - CONTROL NUMBER
- control field: 84873
003 - CONTROL NUMBER IDENTIFIER
- control field: NUST
005 - DATE AND TIME OF LATEST TRANSACTION
- control field: 20211122120428.0
008 - FIXED-LENGTH DATA ELEMENTS
- fixed length control field: 211122|| aca||aabn | a|a d
040 ## - CATALOGING SOURCE
- Original cataloging agency: NUST
- Transcribing agency: NUST
100 ## - HEADING--PERSONAL NAME
- Personal name: Jawadullah
670 ## - SOURCE DATA FOUND
- Source citation: Work cat.: (NUST): Jawadullah, TH-SOF-1480-Modeling of Delamination Failure in Woven Fabric Reinforced Composites Under Mixed Mode Loading, 2017.
